| 000 | 00471nam a22001457a 4500 | ||
|---|---|---|---|
| 003 | 0 | ||
| 005 | 20221017154240.0 | ||
| 008 | 221017b xxu||||| |||| 00| 0 eng d | ||
| 050 |
_aJ8 _b.Sa25 2019 |
||
| 245 |
_aOn-site automated ballot technology (auto-boto) _cRachelle Marie Q. Salvador |
||
| 260 |
_aLas Pinas City, Philippines _bSouthville International School and Colleges _cC2019 |
||
| 300 |
_aix,121pp. _c28cm _fTheses |
||
| 500 | _aAutomated ballot. | ||
| 942 |
_2lcc _cTH |
||
| 999 |
_c364864 _d364864 |
||